Suomen kunnat, joiden nimessä on useampi K - Statistics

Yleistilastot
  • Tätä visaa on pelattu 178 kertaa
  • Keskiarvotulos 27 / 36
Vastaustilastot
Maakunta Kunta % Oikein
3 x K Keski-Pohjanmaa Kokkola
95%
3 x K Uusimaa Karkkila
90%
3 x K Uusimaa Kirkkonummi
83%
2 x K Kymenlaakso Kotka
83%
2 x K Satakunta Nakkila
83%
2 x K Etelä-Savo Mikkeli
82%
2 x K Kanta-Häme Janakkala
81%
2 x K Satakunta Kankaanpää
79%
3 x K Satakunta Kokemäki
79%
3 x K Pohjanmaa Kristiinankaupunki
78%
3 x K Etelä-Pohjanmaa Kurikka
78%
2 x K Etelä-Karjala Parikkala
78%
3 x K Keski-Suomi Kannonkoski
77%
2 x K Pirkanmaa Pirkkala
77%
2 x K Päijät-Häme Asikkala
76%
2 x K Etelä-Pohjanmaa Kauhajoki
76%
2 x K Ahvenanmaa Kökar
76%
2 x K Kymenlaakso Miehikkälä
76%
2 x K Pohjanmaa Kaskinen
74%
2 x K Satakunta Pomarkku
73%
3 x K Pirkanmaa Valkeakoski
73%
2 x K Pohjois-Pohjanmaa Kalajoki
72%
2 x K Varsinais-Suomi Uusikaupunki
71%
2 x K Päijät-Häme Kärkölä
69%
2 x K Keski-Suomi Äänekoski
68%
2 x K Pohjois-Pohjanmaa Siikajoki
68%
2 x K Etelä-Savo Pieksämäki
67%
2 x K Uusimaa Pukkila
67%
2 x K Pohjois-Karjala Rääkkylä
67%
2 x K Lappi Savukoski
67%
2 x K Etelä-Pohjanmaa Karijoki
65%
2 x K Pohjois-Pohjanmaa Kärsämäki
65%
2 x K Varsinais-Suomi Koski Tl
63%
2 x K Keski-Suomi Toivakka
62%
2 x K Etelä-Savo Enonkoski
60%
2 x K Pohjois-Pohjanmaa Taivalkoski
54%
Ehtoja vastaavia visoja ei löytynyt
Tulosjakauma
Jokaisen tuloksen saaneiden osuus
Persentiili vastausten määrän mukaan
Tuloshistoriasi
Et ole pelannut tätä visaa